000
00276nam a2200133 4500
008
190521s ||||xo d
245
1
0
_a
Vademecum september 1997
020
_c
0
250
_a
1.vydanie
300
_a
238s.
041
1
_a
slo
044
_a
xo
_c
SK
958
_a
A
999
_c
22410
_d
22410